Advanced calculus / (Record no. 189574)

000 -LEADER
fixed length control field 00960 a2200205 4500
003 - CONTROL NUMBER IDENTIFIER
control field NUST
005 - DATE AND TIME OF LATEST TRANSACTION
control field 20221117131013.0
010 ## - LIBRARY OF CONGRESS CONTROL NUMBER
LC control number 91025336
020 ## - INTERNATIONAL STANDARD BOOK NUMBER
International Standard Book Number 0201578883
040 ## - CATALOGING SOURCE
Transcribing agency Nust
082 00 - DEWEY DECIMAL CLASSIFICATION NUMBER
Classification number 515,KAP
100 1# - MAIN ENTRY--PERSONAL NAME
Personal name Kaplan, Wilfred,
9 (RLIN) 39040
245 10 - TITLE STATEMENT
Title Advanced calculus /
Statement of responsibility, etc. Wilfred Kaplan.
250 ## - EDITION STATEMENT
Edition statement 4th ed.
260 ## - PUBLICATION, DISTRIBUTION, ETC.
Place of publication, distribution, etc. Redwood City, Calif. :
Name of publisher, distributor, etc. Addison-Wesley, Advanced Book Program,
Date of publication, distribution, etc. 1991.
300 ## - PHYSICAL DESCRIPTION
Extent xvi, 746 p. :
Other physical details ill. ;
Dimensions 24 cm.
505 ## - FORMATTED CONTENTS NOTE
Formatted contents note Vectors and Matrices (Page-1), Differential Calculus of Functions of Several Variables (Page-73), Vector Differential Calculus (Page-181), Integral Calculus of Function of several Variables (Page-225), Vector Integral Calculus (Page-279), Infinite Series (Page-391), Fourier and Orthogonal Functions (Page-491), Functions of A Complex Variables (Page-557), Conformal Mapping (Page-623), Partial Differential Equations (Page-657).
650 #0 - SUBJECT ADDED ENTRY--TOPICAL TERM
Topical term or geographic name entry element Calculus.
942 ## - ADDED ENTRY ELEMENTS (KOHA)
Source of classification or shelving scheme
Koha item type Book
Call number prefix 515,KAP
Holdings
Withdrawn status Lost status Source of classification or shelving scheme Damaged status Not for loan Permanent Location Current Location Shelving location Date acquired Full call number Barcode Date last seen Price effective from Koha item type Public note
          Military College of Signals (MCS) Military College of Signals (MCS) General Stacks 12/12/2016 515,KAP MCS35235 12/08/2016 12/12/2016 Book Almirah No.13, Shelf No.1
© 2023 Central Library, National University of Sciences and Technology. All Rights Reserved.